Geografia económica: para o ensino das escolas comerciais

Gespeichert in:
Bibliographische Detailangaben
1. Verfasser: Moura, Eduardo Marinha Alves de
Format: keine Angabe
Sprache:Portugiesisch
Erschienen: Lisboa Livr. Didactica [19--]
Ausgabe:3ª ed
Katalog:MANES:  Suchergebnis im Bibliothekskatalog
Schulbuchspezifische Eigenschaften:
Tags: Tag hinzufügen
Keine Tags, Fügen Sie den ersten Tag hinzu!
Hinzugefügt zu:26.04.2016
Geändert in:25.04.2025

MARC

LEADER 000000000a22000000004500
001 26602
003 OSt
005 20250425111414.0
008 160427s pt ||||| |||| 00| 0 por d
040 |c centro_manes 
041 1 |a por 
100 1 |a Moura, Eduardo Marinha Alves de  |9 15245 
245 0 0 |a Geografia económica: para o ensino das escolas comerciais 
250 |a 3ª ed 
260 3 |a Lisboa  |b Livr. Didactica  |c [19--] 
300 |a 118 p.;  |c 24 cm 
561 |5 pt-BNP  |a Portugal. Biblioteca Nacional de Portugal  |k MANES 
690 |a CS 
691 |a SE 
942 |2 ddc  |c BK 
546 |a Portugal 
999 |c 28064  |d 28064 
999 |c manes:28064  |d 28064